• 首页
  • 本馆介绍
  • 公告通知
  • 最新文献
  • 馆藏检索
  • 电子资源
  • 读者导购
  • 参考咨询
  • 我的图书馆
  • 登录
  • 详细信息显示
  • 放入我的书架
  • 预约/预借图书
  • 作者相关作品
  • 分类相关作品
  • 丛书相关作品
  • 出版社相关作品

书目信息

  • 表格格式
  • 工作单格式
  • 卡片格式
题名:
现代家庭生活花艺
    
 
作者: 刘明华 , 刘成林 主编
分册:  
出版信息: 北京   化学工业出版社  2018
页数: 170页
开本: 26cm
丛书名:
单 册:
中图分类: J525.12
科图分类:
主题词: 花卉装饰--hua hui zhuang shi--基本知识
电子资源:
ISBN: 978-7-122-31744-5
000 01105nam0 2200253 450
001 012001009707
005 20140103132528.0
010    @a978-7-122-31744-5@dCNY78.00
099    @aCAL 012018099031
100    @a20180619d2018 em y0chiy50 ea
101 0  @achi
102    @aCN@b110000
105    @aa z 000yy
106    @ar
200 1  @a现代家庭生活花艺@Axian dai jia ting sheng huo hua yi@f刘明华, 刘成林主编
210    @a北京@c化学工业出版社@d2018
215    @a170页@c彩图@d26cm
330    @a本书共三大部分十二章, 分别介绍了中国插花艺术的起源与特点、家庭插花常用器皿及应用方法、家庭插花固定方法、家庭插花选材及养护、家庭插花的应用、插花艺术的形式、插花步骤与比例、鲜花插花实例、鲜花插花作品的养护与陈设、仿真花与干花的加工及制作、仿真花与干花插花实例、插花作品的意境与命题方法等内容, 详细阐述了鲜花插花、仿真花与干花插花等操作步骤和用途, 图文并茂, 言简意赅。
606 0  @a花卉装饰@Ahua hui zhuang shi@x基本知识
690    @aJ525.12@v5
701  0 @a刘明华@Aliu ming hua@4主编
701  0 @a刘成林@Aliu cheng lin@4主编
801  0 @aCN@b上海新华@c20191020
905    @b1189200-1@dJ525.12@e514@f2
    
    现代家庭生活花艺/刘明华, 刘成林主编.-北京:化学工业出版社,2018
    170页:彩图;26cm
    
    
    ISBN 978-7-122-31744-5:CNY78.00
    本书共三大部分十二章, 分别介绍了中国插花艺术的起源与特点、家庭插花常用器皿及应用方法、家庭插花固定方法、家庭插花选材及养护、家庭插花的应用、插花艺术的形式、插花步骤与比例、鲜花插花实例、鲜花插花作品的养护与陈设、仿真花与干花的加工及制作、仿真花与干花插花实例、插花作品的意境与命题方法等内容, 详细阐述了鲜花插花、仿真花与干花插花等操作步骤和用途, 图文并茂, 言简意赅。
●
相关链接 在E读中查询图书 在五车中查询图书 在当当中查询图书 在豆瓣中查询图书


正题名:现代家庭生活花艺     索取号:J525.12/514         预约/预借

序号 登录号 条形码 馆藏地/架位号 状态 备注
1 1189200   211892004   第一样本阅览室/ [索取号:J525.12/514] 在馆    
2 1189201   211892013   第一借阅区/ [索取号:J525.12/514] 在馆    
唐山师范学院图书馆 欢迎您!
大连网信软件有限公司© 版权所有